Μελέτη περίπτωσης της επιχείρησης "Αφοί Τέττερη Ο. Ε." : [εργασία]
Αποθηκεύτηκε σε:
| Κύριος συγγραφέας: | |
|---|---|
| Συγγραφή απο Οργανισμό/Αρχή: | |
| Άλλοι συγγραφείς: | |
| Μορφή: | Thesis Βιβλίο |
| Γλώσσα: | Greek |
| Δημοσίευση: |
2003
|
| Θέματα: | |
| Ετικέτες: |
Προσθήκη ετικέτας
Δεν υπάρχουν, Καταχωρήστε ετικέτα πρώτοι!
|
MARC
| LEADER | 00000cam a2200000 i 4500 | ||
|---|---|---|---|
| 001 | 1/42907 | ||
| 008 | 031021s2003 gre d | ||
| 035 | |l 10071253 | ||
| 040 | |a GR-MY-UA |b gre |e aacr | ||
| 041 | 0 | |a gre | |
| 082 | 0 | |a 658.4012 |2 (22) | |
| 100 | 1 | |a Καμπέρη, Μαρία. | |
| 245 | 1 | 0 | |a Μελέτη περίπτωσης της επιχείρησης "Αφοί Τέττερη Ο. Ε." : |b [εργασία] / |c Μαρία Καμπέρη, Δήμητρα Παππά ; επιβλέπων: Ν. Λίτινας |
| 260 | |c 2003 | ||
| 300 | |a 56 σ.; |b διαγρ., πιν.; |c 30 εκ. | ||
| 500 | |a Εργασία για το μάθημα Επιχειρησιακή Στρατηγική & Πολιτική | ||
| 502 | |a Εργασία - Πανεπιστήμιο Αιγαίου, Τμήμα Ναυτιλίας και Επιχειρηματικών Υπηρεσιών, 2003 | ||
| 504 | |a Περιλαμβάνει βιβλιογραφία | ||
| 610 | 2 | 0 | |a Πανεπιστήμιο Αιγαίου. |
| 650 | 0 | 0 | |a Strategic planning |v Case studies. |
| 650 | 0 | 0 | |a Business planning |x Case studies. |
| 650 | 0 | 0 | |a Wine industry |z Greece |z Chios (Municipality) |
| 700 | 1 | |a Παππά, Δήμητρα. | |
| 700 | 1 | |a Λίτινας, Νικόλαος Αντ. |e dgs | |
| 710 | 2 | |a Πανεπιστήμιο Αιγαίου. |b Σχολή Επιστημών της Διοίκησης. |b Τμήμα Διοίκησης Επιχειρήσεων. | |
| 852 | |a INST |b CHIOS |c PERG |e 20031021 |h 658.4012 ΚΑΜ |p 005200013096 |q 005200013096 |t PERG |y 23 | ||
| 901 | |a BIBL2-2003-3 | ||
| 909 | |a Χ |b 105782 | ||
| 924 | |a ΚΑΜΠΕΡΗ |b ΜΑΡΙΑ |y ΧΙΟΣ |z 2003-10 | ||
| 924 | |a Παππά |b Δήμητρα |y Χίος |z 2003-10 | ||
| 970 | |a ΒΑΣΙΛΑΚΗ |b ΝΙΚΗ |z 2003/10/21 | ||